Jeremias|Blaue Augen (lyrics) - Statistiken

Allgemein
  • Dieses Quiz wurde 11 mal gespielt
  • Das Durchschnittsergebnis liegt bei 197 aus 351
Antwortstatistiken
Hint Antwort % Korrekt
Augen
100%
blau
100%
ich
90%
Ich
90%
bin
80%
Refrain Du
80%
du
80%
so
80%
der
70%
2.Strophe Sie
70%
und
70%
wie
70%
will
70%
allein
60%
bei
60%
da
60%
dann
60%
das
60%
dich
60%
dir
60%
doch
60%
für
60%
in
60%
ist
60%
Ist
60%
ja
60%
Ja
60%
mein
60%
nicht
60%
noch
60%
sein
60%
alles
50%
an
50%
bleib
50%
deine
50%
die
50%
ein
50%
Grüne
50%
grüne
50%
immer
50%
mehr
50%
mich
50%
nur
50%
siehst
50%
werden
50%
auf
40%
Baby
40%
bisschen
40%
1.Strophe Bist
40%
Blitzlicht
40%
dass
40%
es
40%
fliegen
40%
Geld
40%
gern
40%
gerne
40%
glaub
40%
grell
40%
hört
40%
kam
40%
lass
40%
laut
40%
lieben
40%
lieg
40%
Like
40%
los
40%
mag
40%
nach
40%
nie
40%
one
40%
raus
40%
Sicht
40%
Steig
40%
Sterne
40%
ticket
40%
Traum
40%
Warum
40%
way
40%
weg
40%
Weiß
40%
wieder
40%
willst
40%
zu
40%
am
30%
Aus
30%
aus
30%
bleiben
30%
geb
30%
Haus
30%
hier
30%
high
30%
komm
30%
konnt
30%
lange
30%
lasse
30%
Muss
30%
Namn
30%
schrein
30%
treiben
30%
übertrieben
30%
Outro Ah
20%
Babe
20%
draußen
20%
drinnen
20%
grad
20%
grau
20%
Haut
20%
Hm
20%
jeder
20%
Langeweile
20%
love
20%
Phones
20%
Pool
20%
steckst
20%
vermisse
20%
Versehn
20%
vielleicht
20%
Zeile
20%
Life
10%
Keine übereinstimmenden Quizze gefunden
Verteilung der Resultate
Anzahl Personen mit jedem Resultat
Perzentil nach korrekt beantworteten Fragen
Ihre Resultats-Entwicklung
Sie haben dieses Quiz noch nicht gespielt